| 000 | 00999nam a2200241 a 4500 | ||
|---|---|---|---|
| 001 | 65226 | ||
| 003 | BD-RjUL | ||
| 005 | 20211209081411.0 | ||
| 008 | 160423s1964 ii |||| |||| 001 0 ben d | ||
| 020 | _c: Tk. 10.00 | ||
| 035 | _a(BD-RjUL)65356 | ||
| 040 |
_aBD-RjUL _bben _cBD-RjUL _dBD-RjUL |
||
| 041 | _aben | ||
| 082 |
_223 _a891.4409 _bVAB 1964 |
||
| 100 | 1 |
_aভট্টাচার্য, দেবীপদ _9118722 |
|
| 245 | 1 | 0 |
_aবাংলা চরিত সাহিত্য / _cদেবীপদ ভট্টাচার্য |
| 260 |
_aকলকাতা : _bসুপ্রকাশ প্রাএভট লিমিটেড, _c১৯৬৪ [১৩৭১] |
||
| 300 |
_a২৯০ পৃ. ; _c২১ সেমি. |
||
| 500 | _aনির্ঘণ্ট সংযুক্ত | ||
| 650 |
_aবাংলা সাহিত্য _xইতিহাস ও সমালোচনা _9118060 |
||
| 650 |
_aBengali Literature _xHistory and Criticism _9117020 |
||
| 942 |
_2ddc _cBK |
||
| 999 |
_c65226 _d65226 |
||